| 000 | 00982nam a2200265 i 4500 | ||
|---|---|---|---|
| 001 | 60987 | ||
| 003 | ES-MaACL | ||
| 005 | 20250809030601.0 | ||
| 008 | 031110s1987 sp s001 0 spa d | ||
| 020 | _a84-7398-470-6 | ||
| 245 | 0 | 0 |
_aEstudios sobre el derecho de la Comunidad de Madrid / _cJosé Bermejo Vera ... [et al.] ; presentación, Javier Ledesma Bartret ; coordinación, Rafael Gómez-Ferrer Morant. |
| 250 | _a1ª ed. | ||
| 260 |
_aMadrid : _bConsejería de Presidencia : _bCivitas, _c1987. |
||
| 300 |
_a659 p. ; _c25 cm. |
||
| 500 | _aÍndice. | ||
| 504 | _aBibliografía. | ||
| 650 | 0 | 4 |
_aDerecho- _zMadrid (Comunidad Autónoma) _911630 |
| 700 | 1 |
_aBermejo Vera, José. _928116 |
|
| 700 | 1 |
_aLedesma Bartret, Javier. _971150 |
|
| 700 | 1 |
_aGómez-Ferrer Morant, Rafael. _957956 |
|
| 710 | 1 |
_aMadrid (Comunidad Autónoma). _bConsejería de Presidencia. _95606 |
|
| 852 |
_aES-MaACL _jL-11793 |
||
| 852 |
_aES-MaACL _jG-1919 |
||
| 999 |
_c60987 _d60987 |
||